000 00733nam a2200205 a 4500
003 0
005 20250621112553.0
008 021022s19uu xx 00 eng d
050 _aPGS TX 361.S86
_b.H874 1998
100 _aHuang, James.
245 _aCanteen food preferences of Southville International School students school year 1997-1998 /
_cJames Huang.
260 _aLas PiƱas City, Philippines :
_bSouthville International School and Colleges,
_c1998.
300 _a29 pages :
_bcolored illustrations ;
_c28 cm.
504 _aIncludes bibliographical references.
650 _aSchool children
_vNutrition.
650 _aFood preferences.
650 _aSchool cafeterias.
650 _aEating habits.
942 _2lcc
_cPASS
999 _c96107
_d96107